Estudios 1990

I tiakina i:
Ngā taipitopito rārangi puna kōrero
Kaituhi rangatōpū: Sociedad Chilena de Derecho Internacional (Author)
Hōputu: Pukapuka
Reo:Pāniora
I whakaputaina: Santiago La Sociedad 1990
Ngā marau:
Ngā Tūtohu: Tāpirihia he Tūtohu
Kāore He Tūtohu, Me noho koe te mea tuatahi ki te tūtohu i tēnei pūkete!

MARC

LEADER 00000nam a2200000 a 4500
001 UCX9963
003 CL-VaPUC
008 940704e19900000CL |||||||||||||||||spa|d
082 0 4 |a 341  |b SOC  |2 21 
110 2 |a Sociedad Chilena de Derecho Internacional  |e author  |9 327499 
245 1 0 |a Estudios 1990 
300 |a 167 p 
942 |c BK 
945 |d 19940704 00:00:00  |a aalvarez 
260 |a Santiago  |b La Sociedad  |c 1990 
650 7 |a DERECHO INTERNACIONAL PUBLICO  |2 CL-VaPUC  |9 327500 
583 |a last modification  |c 19940704 00:00:00  |k Rodrigo Vera 
999 |c 229070  |d 229068 
952 |0 0  |1 0  |4 0  |6 341_000000000000000_SOC_1990  |7 0  |8 A  |9 229618  |a BIBDER  |b BIBDER  |d 2019-11-15  |i 2984113  |o 341 SOC 1990  |p 2984113  |r 2023-01-25  |w 2019-11-15  |y BK  |k DER